Autobiography of George Muller: (Record no. 14829)

000 -LEADER
fixed length control field 00732nam a2200193 a 4500
001 - CONTROL NUMBER
control field :::00012663$&:&@@
003 - CONTROL NUMBER IDENTIFIER
control field OkBaRHE
005 - DATE AND TIME OF LATEST TRANSACTION
control field 20110303143716.0
008 - FIXED-LENGTH DATA ELEMENTS--GENERAL INFORMATION
fixed length control field s1984 j 000 0 eng u
040 ## - CATALOGING SOURCE
Transcribing agency
100 1# - MAIN ENTRY--PERSONAL NAME
Personal name Muller, George, 1805-1898.
245 10 - TITLE STATEMENT
Title Autobiography of George Muller:
Remainder of title the life of trust.
260 ## - PUBLICATION, DISTRIBUTION, ETC. (IMPRINT)
Place of publication, distribution, etc Grand Rapids, MI., :
Name of publisher, distributor, etc Baker Book House
Date of publication, distribution, etc 1984
300 ## - PHYSICAL DESCRIPTION
Extent 490 p. ;
Dimensions 22 cm.
650 ## - SUBJECT ADDED ENTRY--TOPICAL TERM
Topical term or geographic name as entry element Muller, George, 1805-1898.
942 ## - ADDED ENTRY ELEMENTS (KOHA)
Source of classification or shelving scheme
Koha item type Books
Copies
Date acquired Price effective from Koha item type Not for loan Date last seen Total Checkouts Copy number Total Renewals Damaged status Shelving location Current Location Date checked out Full call number Source of classification or shelving scheme Permanent Location Withdrawn status Barcode Lost status
2010-04-142010-04-14Books 2010-04-14 2  General Stacks  HV 247 .M8A8 RHEMA Bible Training College 15412 
2010-04-142010-04-14Books 2012-05-01214 General StacksRHEMA Bible Training College2012-03-03HV 247 .M8A8 RHEMA Bible Training College 12663